=LDR 00000nam 2200000 4500 =001 INLIS000000001052433 =005 20240829101444 =035 ##$$a 0010-0824000251 =007 ta =008 240829################a##########1###### =020 ##$$a 978-89-6509-611-1 =082 ##$$a 028.55 =084 ##$$a 028.55 BON i =100 #$$a Bong Hyeon-ju =245 1#$$a Itu penuh kuman /$c Bong Hyeon-ju =260 ##$$a Tolstoy Korea :$b Gyeonggi-do =300 ##$$a 31 hlm : $b ilus ; $c 21,5 x 26 cm =650 #4$$a Bacaan kanak-kanak =990 ##$$a 18221822